| 000 | 01426cab a2200265 4500 | ||
|---|---|---|---|
| 001 | W13170 | ||
| 008 | 090401t1996 xxu||||| |||| 00| 0 eng d | ||
| 035 | _a(Sirsi) u56908 | ||
| 041 | _aeng | ||
| 245 | _aBreak clause | ||
| 260 | _c1996 | ||
| 350 | _a0 | ||
| 490 |
_aEstates Gazette Case Summaries _v[1996] EGCS 62(1) (13/04/96) |
||
| 520 | _a"Dun & Bradstreet Software Services (England) Ltd and another v Provident Mutual Life Assurance Association" ChD 2 April 1996. Three leases executed by D for parts of a premises. All leases included by reference, the tenants break clause. In 1990, D became a wholly owned subsidiary of B. Assignment of the leases never took place. B later addressed notice to P for operation of the break clause. Invalidity became apparent too late and B paid rent after the deadline. P sought declaration that all leases had determined on 24 June 1995. B counterclaimed double rent pursuant to Distress for Rent Act 1737 and double value pursuant to the Landlord and Tenant Act 1730. Judgment for B. | ||
| 650 | _aASSIGNMENT OF LEASES | ||
| 650 | _aBREAK CLAUSES | ||
| 650 | _aDISTRESS FOR RENT ACT 1737 | ||
| 650 | _aDUN & BRADSTREET SOFTWARE SERVICES (ENGLAND) LTD AND ANOTHER V PROVIDE | ||
| 650 | _aLANDLORD AND TENANT ACT 1730 | ||
| 650 | _aLEASES | ||
| 650 | _aTERMINATION | ||
| 690 | _aLANDLORD AND TENANT-CASE LAW-BUSINESS TENANCIES | ||
| 942 | _n0 | ||
| 948 | _c04/03/1997 | ||
| 999 |
_c34724 _d34724 |
||